| 000 | 00506cam a2200205ua 4500 | ||
|---|---|---|---|
| 020 | _c11 | ||
| 041 |
_aeng _h |
||
| 082 |
_a028.71622 _bPEE/MI |
||
| 100 | _aPeele , Robert . | ||
| 245 |
_aMining Engineer`s Hand book / _cRobert Peele. _hTextual Documents |
||
| 250 |
_a3 / _b. |
||
| 260 |
_aNew Delhi : _bWeley Eastern Pvt Ltd , _c1967. |
||
| 300 | _a1250 ; . | ||
| 365 | _a11 | ||
| 504 | _a | ||
| 700 | 1 | _achurch, Johna . | |
| 700 | 1 | _aChurch, Johna . | |
| 942 | _cBK | ||
| 999 |
_c3092 _d3092 |
||